[Event "R"]
[Site "http://www.queenalice.com/game.php?id=753558"]
[Date "2010.3.30"]
[Round "-"]
[White "Raxtlon"]
[Black "RN"]
[Result "0-1"]
[WhiteElo "1489"]
[BlackElo "1631"]

1. d4 c5 2. dxc5 Qa5+ 3. Bd2 Qxc5 4. e3 e5 5. Bd3 d5 6. Nf3 e4 7. Ne5 exd3 8.
Nxd3 Qb6 9. c3 Qb5 10. Qc2 Bf5 11. Ke2 Nd7 12. a4 Qa6 0-1

[Event "Challenge"]
[Site "http://www.queenalice.com/game.php?id=753783"]
[Date "2010.3.30"]
[Round "-"]
[White "Anna_Croft_SWC"]
[Black "Raxtlon"]
[Result "0-1"]
[WhiteElo "1459"]
[BlackElo "1492"]

1. d4 Nf6 2. e3 d5 3. Nc3 e6 4. Nf3 Bb4 5. Bd2 O-O 6. Bd3 Nc6 7. O-O Bd7 8. a3
Bxc3 9. Bxc3 a6 10. Bb4 Nxb4 11. axb4 Qe7 12. c3 g6 13. h3 Bb5 14. Bxb5 axb5 15.
Qd3 Rxa1 16. Rxa1 c6 17. Ne5 Nd7 18. Ra7 Nxe5 19. dxe5 Rb8 20. Ra1 Qc7 21. Qd4
Rc8 22. b3 c5 23. bxc5 Qxc5 24. Qxc5 Rxc5 25. Rc1 b4 26. c4 b5 27. Ra1 bxc4 28.
bxc4 Rxc4 29. Rb1 Kg7 30. Rb3 d4 31. exd4 Rxd4 32. g3 f6 33. exf6+ Kxf6 34. f4
e5 35. fxe5+ Kxe5 36. Kg2 Kd5 37. Kf3 Kc4 38. Rb2 Kc3 39. Re2 Rd2 40. Re3+ Rd3
41. Ke2 Rxe3+ 42. Kxe3 b3 0-1

[Event "EUA 2 x 2 BRA"]
[Site "http://www.queenalice.com/game.php?id=755687"]
[Date "2010.4.3"]
[Round "-"]
[White "Raxtlon"]
[Black "claudiocaire"]
[Result "1-0"]
[WhiteElo "1505"]
[BlackElo "1589"]

1. d4 Nf6 2. Nf3 e6 3. e3 Nc6 4. Bd3 d5 5. O-O Qd6 6. c3 g5 7. h3 e5 8. dxe5
Nxe5 9. Nxe5 Qxe5 10. f4 gxf4 11. Qf3 Bc5 12. Kh1 Nd7 13. exf4 Qf6 14. Qxd5 Bd6
15. Qg5 Qxg5 16. fxg5 Ne5 17. Re1 Kd8 18. Be4 Nc4 19. b3 Ne5 20. Nd2 c5 21. Nc4
Nxc4 22. bxc4 Be5 23. Bd2 a5 24. Rab1 Rb8 25. Rb5 Be6 26. Rxc5 Bc7 27. g6 hxg6
28. Bxg6 Bb6 29. Bf4 Ra8 30. Rb5 Bf2 31. Re2 Bxc4 32. Rxf2 Bxb5 33. Bxf7 Rc8 34.
Rf3 Ke7 35. Bg5+ Kd6 36. Bf4+ Ke7 37. Bg5+ Kd6 38. Bf4+ Kc6 39. Be5 Rhd8 40. c4
Ba6 41. Bd5+ Kc5 42. Rf4 b5 43. Bd4+ Kb4 44. cxb5 Rxd5 45. bxa6 Ra8 46. a7 Kc4
47. Bg1+ Kb5 48. Rf7 Rd1 49. Kh2 Ra1 50. Rb7+ Ka4 51. Rb8 Rxa7 52. Bxa7 Rxa2 53.
Bb6 Rb2 54. Bc7 Rc2 55. Bxa5 Kxa5 56. h4 Rc4 57. g3 Rc6 58. Kh3 Rh6 59. g4 Ka6
60. h5 Ka7 61. Rb4 Ka6 62. Kh4 Ka5 63. g5 Rxh5+ 64. Kxh5 Kxb4 65. g6 Kc5 66. g7
Kd4 67. g8=Q Ke5 68. Qc4 Kf5 69. Qd5+ Kf4 70. Kg6 Ke3 71. Kf5 Ke2 72. Qd4 Ke1
73. Qd3 Kf2 74. Kf4 Ke1 75. Qc2 Kf1 76. Qd2 Kg1 77. Kg3 Kf1 78. Qd1# 1-0

[Event "Kraj´s Challenge"]
[Site "http://www.queenalice.com/game.php?id=756124"]
[Date "2010.4.4"]
[Round "-"]
[White "Krajnicov"]
[Black "Raxtlon"]
[Result "1-0"]
[WhiteElo "1344"]
[BlackElo "1527"]

1. e4 c5 2. Qf3 e6 3. Bc4 Nc6 4. c3 Ne5 5. Qe2 Nxc4 6. Qxc4 d6 7. Qa4+ Bd7 8.
Qb3 Bc6 9. d4 b6 10. d5 exd5 11. exd5 Bb7 12. c4 Be7 13. Qg3 Bf6 14. Na3 g6 15.
Nb5 Ba6 16. Nxd6+ Kf8 17. Ne4 Bxc4 18. Qh3 Qxd5 19. Bh6+ Nxh6 20. Qxh6+ Bg7 21.
Qe3 Bxb2 22. Rd1 Qe5 23. Nf3 Qf5 24. Nd6 Qe6 25. Ng5 Qxe3+ 26. fxe3 Bc3+ 27. Kf2
Bd5 28. Rxd5 h6 29. Nge4 Bb4 30. Re5 Kg7 31. Rf1 Rhd8 32. Ke2 1-0

[Event "Kraj´s Challenge"]
[Site "http://www.queenalice.com/game.php?id=756131"]
[Date "2010.4.4"]
[Round "-"]
[White "Raxtlon"]
[Black "Krajnicov"]
[Result "1-0"]
[WhiteElo "1517"]
[BlackElo "1360"]

1. d4 e6 2. Nf3 Qf6 3. Bg5 Qf5 4. e3 Qe4 5. Qd3 Qd5 6. Be2 h6 7. Bf4 g5 8. Bxc7
Na6 9. Be5 f6 10. Bg3 Qc6 11. c3 d5 12. h3 Bb4 13. cxb4 Qc1+ 14. Qd1 Qxb2 15.
Nbd2 Nxb4 16. O-O Nc2 17. Rc1 Nb4 18. Rb1 Qa3 19. Qb3 Qa5 20. Qxb4 Qxa2 21. Ra1
Qc2 22. Qa4+ Kf7 23. Qxc2 Bd7 24. Qc7 Ke7 25. Bb5 Rc8 26. Qxd7+ Kf8 27. Qxc8+
Kg7 28. Qd7+ Kg6 29. Qxb7 Rh7 30. Be8+ 1-0

[Event "Challenge"]
[Site "http://www.queenalice.com/game.php?id=758002"]
[Date "2010.4.8"]
[Round "-"]
[White "MichelTA"]
[Black "Raxtlon"]
[Result "1-0"]
[WhiteElo "1426"]
[BlackElo "1467"]

1. e4 c5 2. c4 Nc6 3. b3 e5 4. Nf3 d6 5. Nc3 Nf6 6. Be2 Be7 7. O-O O-O 8. d3 Be6
9. Ng5 Nd7 10. Nxe6 fxe6 11. Bh5 Nf6 12. Bf3 Nd4 13. a4 Nxf3+ 14. Qxf3 Nd5 15.
Qg4 Nxc3 16. Qxe6+ Rf7 17. Bd2 Ne2+ 18. Kh1 Nd4 19. Qd5 Nxb3 20. Bc3 Nxa1 21.
Rxa1 Kf8 22. f3 b6 23. h3 g5 24. g4 Bf6 25. a5 h6 26. axb6 Qb8 27. Ra6 Rb7 28.
Qe6 Qd8 29. bxa7 Rbxa7 30. Rxa7 1-0

[Event "Challenge"]
[Site "http://www.queenalice.com/game.php?id=759950"]
[Date "2010.4.12"]
[Round "-"]
[White "krambo1"]
[Black "Raxtlon"]
[Result "1-0"]
[WhiteElo "1563"]
[BlackElo "1506"]

1. d4 Nf6 2. c4 g6 3. Nc3 b6 4. Nf3 Bg7 5. e3 O-O 6. g3 d6 7. Bg2 c5 8. d5 e6 9.
dxe6 Bxe6 10. Ng5 Bxc4 11. Bxa8 d5 12. Nf3 1-0

[Event "Challenge"]
[Site "http://www.queenalice.com/game.php?id=759952"]
[Date "2010.4.12"]
[Round "-"]
[White "rafassj4"]
[Black "Raxtlon"]
[Result "0-1"]
[WhiteElo "985"]
[BlackElo "1505"]

1. d4 d5 2. a4 c6 3. Ra3 e6 4. a5 Bxa3 5. bxa3 Nf6 6. c3 O-O 7. h4 Qe8 8. Bg5
Qe7 9. Rh3 e5 10. Rf3 e4 11. Re3 Qd6 12. Nh3 Ng4 13. Rg3 e3 14. fxe3 Qxg3+ 15.
Nf2 Nxf2 16. Qc1 Nd3+ 17. Kd1 Qe1+ 18. Kc2 Nxc1 19. e4 Qxf1 20. Be7 Re8 21. Bc5
Rxe4 22. Nd2 Rxe2 23. Bb4 Bf5+ 24. Kb2 Rxd2+ 25. Ka1 Nd3# 0-1

[Event "Challenge"]
[Site "http://www.queenalice.com/game.php?id=760135"]
[Date "2010.4.12"]
[Round "-"]
[White "Raxtlon"]
[Black "Anna_Croft_SWC"]
[Result "0-1"]
[WhiteElo "1524"]
[BlackElo "1474"]

1. d4 d5 2. c4 e6 3. cxd5 exd5 4. Nc3 c6 5. e3 Nf6 6. Nf3 Bb4 7. Bd2 O-O 8. Bd3
g6 9. O-O Bg4 10. Be2 Nbd7 11. Qb3 a5 12. a3 Bxc3 13. Bxc3 b5 14. h3 a4 15. Qd1
Bf5 16. Bd3 Be6 17. Ng5 Re8 18. Bb4 Nh5 19. Be2 Qxg5 20. Bxh5 gxh5 0-1

[Event "Challenge"]
[Site "http://www.queenalice.com/game.php?id=760346"]
[Date "2010.4.13"]
[Round "-"]
[White "Vanessahermosa"]
[Black "Raxtlon"]
[Result "1-0"]
[WhiteElo "1182"]
[BlackElo "1507"]

1. e4 c5 2. Bc4 e6 3. Qf3 g6 4. Nh3 Bd6 5. d3 Qc7 6. Ng5 f6 7. Nh3 f5 8. exf5
gxf5 9. Qh5+ Kd8 10. Qf7 Nh6 11. Bxh6 1-0

[Event "Challenge"]
[Site "http://www.queenalice.com/game.php?id=760392"]
[Date "2010.4.13"]
[Round "-"]
[White "Vanessahermosa"]
[Black "Raxtlon"]
[Result "0-1"]
[WhiteElo "1340"]
[BlackElo "1506"]

1. e4 c5 2. Bc4 e6 3. Nh3 Nf6 4. b3 Nxe4 5. Qf3 Nd6 6. Ba3 Nxc4 7. bxc4 Be7 8.
O-O O-O 9. Bb2 Nc6 10. Qg3 g6 11. Qc3 Nd4 12. Qd3 Bf6 13. c3 Nf5 14. Ba3 b6 15.
Qf3 Ba6 16. Qg4 d5 17. Nf4 Bxc4 18. Nh5 Bxf1 19. Kxf1 Bg7 20. d3 Rc8 21. Nf4 d4
22. c4 Bh6 23. Nh3 Qd7 24. Nd2 Qa4 25. Bc1 Nh4 26. Ne4 f5 27. Qe2 Bxc1 28. Rxc1
fxe4 29. dxe4 g5 30. Nxg5 Ng6 31. Nxe6 Qa3 32. Qd2 Rfe8 33. Ng5 Re5 34. Rc2 h6
35. f4 Re7 36. f5 hxg5 37. fxg6 Rf8+ 38. Kg1 Qe3+ 39. Qxe3 dxe3 40. Re2 Rxe4 41.
a3 Rf6 42. a4 Rxg6 43. Rf2 e2 0-1

[Event "Challenge"]
[Site "http://www.queenalice.com/game.php?id=761370"]
[Date "2010.4.15"]
[Round "-"]
[White "digger"]
[Black "Raxtlon"]
[Result "1-0"]
[WhiteElo "1576"]
[BlackElo "1521"]

1. e4 c5 2. c4 Nc6 3. Bd3 d6 4. Ne2 Nf6 5. b3 e6 6. Bc2 Be7 7. O-O O-O 8. Bb2
Nb4 9. a3 Nxc2 10. Qxc2 b6 11. d4 cxd4 12. Nxd4 Bb7 13. Re1 d5 14. e5 Ne4 15.
cxd5 Bxd5 16. Nd2 Nxd2 17. Qxd2 Bc5 18. b4 Bxd4 19. Qxd4 f6 20. exf6 Qxf6 21.
Qd2 Qf5 22. Rad1 Bxg2 23. Bd4 Qh3 24. Qg5 g6 25. Qxg2 Qxa3 26. Rxe6 Qxb4 27.
Rxg6+ 1-0

[Event "EUA 3 x 2 BRA"]
[Site "http://www.queenalice.com/game.php?id=761909"]
[Date "2010.4.16"]
[Round "-"]
[White "claudiocaire"]
[Black "Raxtlon"]
[Result "1-0"]
[WhiteElo "1630"]
[BlackElo "1477"]

1. e4 c5 2. Qh5 g6 3. Qe5 Nf6 4. Qxc5 Nxe4 5. Qd4 Nf6 6. g4 Nc6 7. Qc3 e5 8. g5
Ne4 9. Qe3 Nxg5 10. f4 Ne6 11. fxe5 Qg5 12. Qc3 Qxe5+ 13. Kd1 Qf4 14. Bg2 Bg7
15. d4 Qxd4+ 16. Qxd4 Nexd4 17. Nf3 Nxf3 18. Bxf3 O-O 19. Nc3 Bxc3 20. bxc3 Ne5
21. Bd5 Nc6 22. Rg1 Re8 23. Rf1 Re7 24. Bg5 Re5 25. Bxf7+ Kf8 26. Bxg6+ Kg7 27.
Bf6+ Kxg6 28. Bxe5 Nxe5 29. Rf2 d6 30. Ke2 Bg4+ 31. Kd2 b5 32. Rg1 h5 33. h3
Nc4+ 34. Ke1 Re8+ 35. Kf1 Ne3+ 36. Ke1 Nxc2+ 37. Kd2 Ne3 38. hxg4 Nxg4 39. a3
Kh6 40. Re2 Rxe2+ 41. Kxe2 Kg5 42. Rd1 Kf4 43. Rxd6 h4 44. Rd1 Kg3 45. Rd3+ Kg2
46. Rd2 h3 47. Ke1+ Kg1 48. Rd1 h2 49. Ke2+ Kg2 50. Rd5 h1=Q 51. Rxb5 Qf1+ 52.
Kd2 1-0

[Event "Let's Play Chess!"]
[Site "http://www.queenalice.com/game.php?id=762311"]
[Date "2010.4.17"]
[Round "-"]
[White "elche"]
[Black "Raxtlon"]
[Result "1/2-1/2"]
[WhiteElo "1620"]
[BlackElo "1517"]

1. e4 c5 2. Nc3 d6 3. g3 Nc6 4. Bg2 e6 5. Nge2 Nf6 6. d3 Be7 7. f4 O-O 8. O-O
Bd7 9. h3 g6 10. g4 h5 11. g5 Nh7 12. h4 f6 13. Kh1 f5 14. exf5 exf5 15. d4 Kg7
16. Nd5 Be6 17. Nxe7 Qxe7 18. dxc5 dxc5 19. c3 Rac8 20. Qc2 Rfd8 21. Ng1 Bc4 22.
Rd1 Rxd1 23. Qxd1 Rd8 24. Qf3 Qe1 25. b3 Bd3 26. Bb2 Bb1 27. c4+ Kf8 28. Qe2
Qxe2 29. Nxe2 Be4 30. Ba3 Rd2 31. Bxc5+ Kf7 32. Bxe4 fxe4 33. Ng3 e3 34. Bxe3
Rd3 1/2-1/2

[Event "Let's Play Chess!"]
[Site "http://www.queenalice.com/game.php?id=765300"]
[Date "2010.4.24"]
[Round "-"]
[White "shobby55"]
[Black "Raxtlon"]
[Result "1-0"]
[WhiteElo "1582"]
[BlackElo "1449"]

1. d4 Nf6 2. Nf3 g6 3. h3 Bg7 4. e3 O-O 5. Bd3 d5 6. O-O Nc6 7. c3 Be6 8. Nbd2
a6 9. Re1 b5 10. e4 dxe4 11. Nxe4 h5 12. Bg5 Rb8 13. Bxf6 1-0

[Event "Challenge"]
[Site "http://www.queenalice.com/game.php?id=769106"]
[Date "2010.5.1"]
[Round "-"]
[White "sunking"]
[Black "Raxtlon"]
[Result "1-0"]
[WhiteElo "1624"]
[BlackElo "1488"]

1. e4 c5 2. d4 cxd4 3. Qxd4 Nc6 4. Qe3 d6 5. Bb5 Bd7 6. Nc3 g6 7. Bxc6 Bxc6 8.
Nf3 Nf6 9. Qd4 e5 10. Qe3 Bg7 11. O-O 1-0